Mémoires sur la deuxième guerre mondiale II / (Record no. 65925)
[ view plain ]
| 000 -LEADER | |
|---|---|
| fixed length control field | 02045cam a22003971a 4500 |
| 001 - CONTROL NUMBER | |
| control field | 9763296 |
| 003 - CONTROL NUMBER IDENTIFIER | |
| control field | EG-GICUC |
| 005 - DATE AND TIME OF LATEST TRANSACTION | |
| control field | 20260309220848.0 |
| 008 - FIXED-LENGTH DATA ELEMENTS--GENERAL INFORMATION | |
| fixed length control field | 811007m19481954fr ab 000 0 fre |
| 010 ## - LIBRARY OF CONGRESS CONTROL NUMBER | |
| LC control number | 49019713 |
| 035 ## - SYSTEM CONTROL NUMBER | |
| System control number | 9763296 |
| 035 ## - SYSTEM CONTROL NUMBER | |
| System control number | (OCoLC)7826039 |
| 040 ## - CATALOGING SOURCE | |
| Original cataloging agency | DLC |
| Transcribing agency | OkLC |
| Modifying agency | DLC |
| Description conventions | Rda |
| 050 00 - LIBRARY OF CONGRESS CALL NUMBER | |
| Classification number | D743 |
| Item number | .C482 |
| 082 04 - DEWEY DECIMAL CLASSIFICATION NUMBER | |
| Edition number | 21 |
| Classification number | 341.9 |
| Item number | C H . M |
| 092 04 - LOCALLY ASSIGNED DEWEY CALL NUMBER (OCLC) | |
| Edition number | 21 |
| Classification number | 341.9 |
| 099 ## - LOCAL FREE-TEXT CALL NUMBER (OCLC) | |
| Classification number | Law1 11 341.9 C H . M 1940 |
| 100 1# - MAIN ENTRY--PERSONAL NAME | |
| Personal name | Churchill, Winston, |
| Dates associated with a name | 1874-1965. |
| 245 10 - TITLE STATEMENT | |
| Title | Mémoires sur la deuxième guerre mondiale II / |
| Statement of responsibility, etc. | Winston S. Churchill. |
| Number of part/section of a work | vol. 2 |
| Name of part/section of a work | L'heure tragique |
| 300 ## - PHYSICAL DESCRIPTION | |
| Extent | 6 v. in 11. :(vol. 2 387 page) |
| Other physical details | ill. maps, ; |
| Dimensions | 23 cm. |
| 336 ## - CONTENT TYPE | |
| Content type term | text |
| Content type code | txt |
| Source | rdacontent |
| 337 ## - MEDIA TYPE | |
| Media type term | unmediated |
| Media type code | n |
| Source | rdamedia |
| 338 ## - CARRIER TYPE | |
| Carrier type term | volume |
| Carrier type code | nc |
| Source | rdacarrier |
| 500 ## - GENERAL NOTE | |
| General note | Volumes 2-6 have title: Mémoires sur la deuxième guerre mondiale. |
| 504 ## - BIBLIOGRAPHY, ETC. NOTE | |
| Bibliography, etc. note | Bibliography: pages 200-250. 240-220 |
| 505 0# - FORMATTED CONTENTS NOTE | |
| Formatted contents note | I. L'orage approche: 1. D'une guerre à l'autre, 1919-1939. 2. La "drôle de guerre," 3 septembre 1939-10 mai 1940.--II. L'heure tragique, mai-décembre 1940: l. La chute de la France. 2. Seules.--III. La grande alliance: l. La Russie envahie, 1. janvier-22 juin 1941. 2. L' Amerique en guerre, 23 juin 1941-17 janvier 1942.--IV. Le tournant du destin: l. La ruée japonaise, 18 janvier-3 juillet 1942. 2. L'Afrique sauvée, 4 juillet 1942-5 juin 1943.--V. L'étau se referme: 1. L'Italie capitule, 6 juin-12 novembre 1943. 2. De Téhéran à Rome, 13 novembre 1943-5 juin 1944.--VI. Triomphe et tragédie: l. La victoire, 6 juin 1944-3 février 1945. 2. Le rideau de fer, 4 février-26 juillet 1945. |
| 650 #0 - SUBJECT ADDED ENTRY--TOPICAL TERM | |
| Topical term or geographic name entry element | World War, 1939-1945. |
| Source of heading or term | qrmak |
| 650 #0 - SUBJECT ADDED ENTRY--TOPICAL TERM | |
| Topical term or geographic name entry element | World War, 1939-1945 |
| Geographic subdivision | Great Britain. |
| Source of heading or term | qrmak |
| 651 1# - SUBJECT ADDED ENTRY--GEOGRAPHIC NAME | |
| Source of heading or term | qrmak |
| 856 40 - ELECTRONIC LOCATION AND ACCESS | |
| Uniform Resource Identifier | <a href="https://fll.law.cu.edu.eg/fulltext/bks/B11-09147.pdf">https://fll.law.cu.edu.eg/fulltext/bks/B11-09147.pdf</a> |
| 905 ## - Cataloger and Reviser Names | |
| Cataloger Name: | Nermin |
| 906 ## - LOCAL DATA ELEMENT F, LDF (RLIN) | |
| a | 7 |
| b | cbc |
| c | oclcrpl |
| d | u |
| e | ncip |
| f | 19 |
| g | y-gencatlg |
| 942 ## - ADDED ENTRY ELEMENTS (KOHA) | |
| Source of classification or shelving scheme | Dewey Decimal Classification |
| Koha item type | Books |
| Edition | 21 |
| Suppress in OPAC | No |
| Withdrawn status | Lost status | Source of classification or shelving scheme | Damaged status | Not for loan | Collection | Home library | Current library | Date acquired | Total checkouts | Full call number | Barcode | Date last seen | Copy number | Price effective from | Koha item type |
|---|---|---|---|---|---|---|---|---|---|---|---|---|---|---|---|
| Dewey Decimal Classification | القانون الدولي العام | جــــامعة القــاهرة | مكتبة كلية الحقوق - المبنى الرئيسي | 09.03.2026 | Law1 11 341.9 C H . M 1940 1109147 V2 C1 | B11-09147 | 09.03.2026 | 1 | 09.03.2026 | Books |